MLS Transfers 23/24 - Statistics

General Stats
  • This quiz has been taken 58 times
  • The average score is 4 of 7
Answer Stats
From To Fee Nation Answer % Correct
PSG Inter Miami FREE Argentina Lionel Messi
100%
Barcelona Inter Miami FREE Spain Jordi Alba
96%
Barcelona Inter Miai FREE Spain Sergio Busquets
96%
Schalke LA Galaxy FREE Japan Maya Yoshida
56%
Fenerbahce Colombus Crew 5M Uruguay Diego Rossi
35%
Real Sociedad FC Dallas FREE Spain Asier Illarramendi
33%
Racing Club Inter Miami 6M Argentina Tomas Aviles
19%
No matching quizzes found
Score Distribution
Percent of People with Each Score
Percentile by Number Answered
Your Score History
You have not taken this quiz